00687nam a2200169 i 450000100060000000300090000600500170001500700030003200800410003510000260007624502360010226000530033830000210039165000590041270000230047185200230049420137ES-MaACL20230906152236.0t|021107s1923 sp ||||1| spa d1 aAguado, Crescenciano.10aLegislación de los impuestos de derechos Reales y timbre b: constestaciones al programa de oposiciones a notarías, arregladas a las reformas tributarias de los años 1920 y 1922 / cpor Crescenciano Aguado y Genaro Gil Socii. aMadrid : b[s.n.], c1923 (fSuc. de R. Velasco) a88 p. ; c21 cm. 4aNotarios-zEspaña-vContestaciones para oposiciones.1 aGil Socii, Genaro. aES-MaACLj1656-F-5